00517nam a2200157Ia 4500082002000000100001600020245005400036260008300090300002300173650004400196650003300240650002200273650003600295700001300331700001500344 a371.00954 MOO-; aMoonis Raza 0aSchool education in India: the regional dimension aNew DelhibNational Institute of Educational Planning and Administrationc1990 a585p.: tables:maps aEducational planning - India - Research aEducation - Research - India aSchool - Planning aEducation - Methodology - India aAhmad,N  aNuna, Nuna